LIBRARY & INFORMATION CENTRE, KCAET, TAVANUR

ONLINE PUBLIC ACCESS CATALOGUE (OPAC)

Industrial engineering (Record no. 15496)

MARC details
000 -LEADER
fixed length control field 00248nam a22001097a 4500
082 ## - DEWEY DECIMAL CLASSIFICATION NUMBER
Classification number 658.50
Item number SAX/IN
100 ## - MAIN ENTRY--AUTHOR NAME
Personal name Saxena, S.C
245 ## - TITLE STATEMENT
Title Industrial engineering
260 ## - PUBLICATION, DISTRIBUTION, ETC. (IMPRINT)
Place of publication Bopal
Name of publisher j.k publishing house
Year of publication 1982
300 ## - PHYSICAL DESCRIPTION
Number of Pages 278
942 ## - ADDED ENTRY ELEMENTS (KOHA)
Koha item type Books
Holdings
Withdrawn status Lost status Damaged status Home library Current library Date acquired Full call number Accession Number Koha item type
      KAUAET KAUAET 09/03/1987 658.50 SAX/IN 15990 Books
free website counter